000 01233nam a2200253 a 4500
001 80815
003 BD-RjUL
005 20221121111446.0
008 221121s2020 bg ||||| |||| 00| 0 ben d
020 _a9789843445254 (Vol.1)
020 _a9789843445261 (Vol. 2)
035 _a(BD-RjUL)80815
040 _aBD-RjUL
_beng
_cBD-RjUL
041 _aben
082 _223
_a954.14
_bBAN 2020
245 _aবাংলাদেশের ইতিহাস :
_bসুলতানি ও মোগল যুগ (আনু. ১২০০-১৮০০ সা. অব্দ ) /
_cসম্পাদক আবদুল মমিন চৌধুরী
260 _aঢাকা :
_bএশিয়াটিক সোসাইটি অব বাংলাদেশ,
_c২০২০
300 _aখণ্ড.:
_bচিত্রসমূহ;
_c২৫ সেমি.
505 _aখণ্ড. ১ম রাজনৈতিক ইতিহাস-- খণ্ড. ২য় সমাজ অর্থনীতি সংস্কৃতি--
650 _aবাংলা (ভারত)
_xইতিহাস
_91260
650 _aBengal (India) History
_95941
700 _aচৌধুরী, আবদুল মমিন
_95942
942 _2ddc
_cBK
999 _c80815
_d80815